| 000 | 01466nem2a2200301 4500 | ||
|---|---|---|---|
| 001 | RU\NLR\BIBL_A\011785559 | ||
| 005 | 20250626131759.0 | ||
| 035 | _a(NLR Aleph) 011785559 | ||
| 090 |
_a11798817 _c11798817 |
||
| 100 | _a20180910d1974 |||y0rusy50 ca | ||
| 101 | 0 | _arus | |
| 102 | _aRU | ||
| 120 | _abyy xx|| | ||
| 123 | 1 |
_aa _b500000 |
|
| 200 | 1 |
_a15-01-71-10. Ярославль _bКарты _eСССР РСФСР. _fСост. в 1972 г. Подгот. и изд. в 1974г. _gРед. А. Б. Кириллов |
|
| 206 | _a1:500000, 5 км в 1 см | ||
| 210 |
_a[Москва _cГенеральный штаб] _d1974 |
||
| 215 |
_a1к. _cцв. _d110х85 см |
||
| 300 | _aВ надзаг.: Генеральный штаб | ||
| 461 | 0 |
_1001RU\NLR\BIBL_A\011795948 _12001#$a[Топографическая карта мира] _911846948 _c[Москва _d1974 - 1999 _nГенеральный штаб] _p10 к. _t[Топографическая карта мира]: Карты |
|
| 509 | 0 | 1 |
_7ca _aРоссия. Европейская часть _cцентр _92633436 _3RU\NLR\auth_crt\55258 |
| 607 |
_aРоссия _jКарты _yЕвропейская часть _92188594 _3RU\NLR\AUTH\661315754 |
||
| 608 |
_aОбщегеографические карты среднемасштабные _92324579 _3RU\NLR\AUTH\661390487 |
||
| 702 | 1 |
_aКирилов _bА. Б. _4340 |
|
| 852 |
_aNLR _bК _j4-Мир 4/3879 _m84451 |
||
| 942 | _cMAP | ||
| 980 | _aNB | ||